1543 1166 1118 1557 1206 1906 1463 1962 1933 1324 1723 1576 1942 1552 1331 1362 1060 1667 1271 1226 1590 1959 1879 1493 1865 1186 1517 1707 1545 1547 1087 1751 1437 1326 1642 1185 1684 1284 1063 1374 1594 1515 1321 1570 1481 1744 1025 1716 1913 1170 1593 1787 1499 1839 1848 1491 1772 1553 1228 1961 1240 1276 1199 1728 1033 1667 1254 1903 1524 1316 1954 1814 1813 1819 1489 1750 1483 1996 1018 1795 1622 1678 1915 1630 1321 1811 1753 1999 1991 1606 1596 1209 1382 1761 1928 1451 1016 1425 1708 BCNSPRNW ULIB Ver.6.0+V

เปลี่ยนเป็นภาษาไทย

Change to English
 แสดงรายละเอียดบรรณานุกรม
  กลับหน้าหลัก

Brief Record : Get Marc (ISO 2709) : E-mail record : QR code < ปิดหน้าต่าง
LEADER : 00000nam 2200000uu 4500
001    13399121250
003     ULIB
008    110216s2555||||th 000 0 tha d
020    9789740322634
060 04 QU145^bพ725ส
100 0  พิมลพรรณ อนันต์กิจไพศาล
245 10 สารอาหารดีๆอยู่ 120 ปี ไม่มีโรค /^cพิมลพรรณ อนันต์กิจไพศาล
250    พิมพ์ครั้งที่ 1
260    กรุงเทพฯ :^bเก็ท ไอเดีย,^c2555
300    208 หน้า :^bภาพประกอบ ;^c21 ซม.
650  7 โภชนาการ
650  7 รายการอาหาร
650  7 สารอาหาร
650  7 สุขภาพ
945    ^p159^l0^i033024
945    ^p159^l0^i033025
995    ทศพร
999 ^a ใช้งานได้ทุกระบบ
รายการนี้ยังไม่มีแท็ก
คุณยังไม่ได้ล็อกอิน คุณสามารถมีกิจกรรมร่วมกับเว็บไซต์ได้ แต่ต้องล็อกอินก่อน ::
  ล็อกอิน

รายการสื่อสารสนเทศ

ลำดับที่ ประเภท เลขเรียก/บาร์โค้ด สถานที่ สถานะ
1. วิทยาศาสตร์การแพทย์ และสุขภาพ
หนังสือสำรอง
สถานะ=หนังสือสำรอง
QU145 พ725ส  
  Barcode: 033024
ห้องสมุดวิทยาเขตสวรรค์ประชารักษ์
►หนังสือทั่วไป
บนชั้น
2. วิทยาศาสตร์การแพทย์ และสุขภาพ
วิทยาศาสตร์การแพทย์ และสุขภาพ
QU145 พ725ส ฉ.2 
  Barcode: 033025
ห้องสมุดวิทยาเขตสวรรค์ประชารักษ์
►หนังสือทั่วไป
บนชั้น

รายการใกล้เคียง
    ผู้แต่ง [พิมลพรรณ อนันต์กิจไพศาล]

    หัวเรื่อง [โภชนาการ]
    หัวเรื่อง [รายการอาหาร]
    หัวเรื่อง [สารอาหาร]
    หัวเรื่อง [สุขภาพ]

BibComment


ยังไม่เคยถูกคอมเมนท์

คอมเมนท์ทรัพยากรรายการนี้
  คอมเมนท์: สารอาหารดีๆอยู่ 1..


 Copyright 2026. Bcnsprnw @Library